00694nam a22002297a 450000500170000000800410001701700120005801800090007002000150007904000240009405000190011808200130013710000220015024500380017226001260021030000240033650000280036056300110038865000270039965000190042665000190044520250705154417.0250705b |||||||| |||| 00| 0 eng d aLD.4017 a2025 a9789686513 aNLNbEnglisheAACR2 aBS551.3b.G578 a220.9505 aGODDY, Mosesdaut aThe flames of fire /cMoses Goddy aIbadan, Oyo State (Power Deport Olowoyo Street Araromi, Odo-Ona, G. P. O. Box 38137) :bLife Preachers Ministries, c2019 avii, 61p. ; b21cm. aBibliography : p. 59-60 a(pbk.) aBible stories, English aChristian life aSpiritual life